000 00811nam a2200265 a 4500
001 BRCA_3868
005 20190320204444.0
008 181209s1938----mx-a######---#000-0#spa-#
041 _aspa
044 _amx
050 4 _aF1219
_b.S34 1938
100 1 _aSahagun, Fray Bernardino de
_d1499-1590.
_910071
245 1 0 _aHistoria general de las cosas de Nueva España
_cFr. Bernardino de Sahagun.
260 _aMéxico
_bPedro Robredo
_c1938
300 _a5 v.
_bil., láminas a color
_c23 cm.
500 _aC27
650 1 4 _aAztecas
_92396
650 1 4 _aHistoria natural
_910072
650 1 4 _aCalendario mexicano
_98542
650 1 4 _aIndios de México
_xAntigüedades
_910073
650 1 4 _aNahuatl
_vtextos
_910074
651 4 _aMéxico
_xHistoria
_yConquista, 1519-1540
_9442
902 _aGFM
942 _2lcc
_cB
999 _c3596
_d3596